00481nam a2200157Ia 4500001001000000003000500010008004100015010001100056040000900067100001500076245006300091260005100154300001000205440004400215650006400259Para_5019CHAP220125s1939 xx 000 0 und d a203484 cCHAP aGuba, E. F aControl of tomato leaf mold in greenhouses /c E. F. Guba aAmherst, Mass :b Massachusetts State College a36 p. aMassachusetts Agr. Exp. Sta. Bull.; 361 aTomate x Enfermedades por hongos Cultivos en invernadero.